Pearl S. Buck, Thomas Stearns Eliot, Henri Bergson, Luigi Pirandello, Verner von Heidenstam, George Bernard Shaw (Record no. 198412)

MARC details
000 -LEADER
campo de control de longitud fija 01935nam a2200409 i 4500
001 - NÚMERO DE CONTROL
campo de control 198412
003 - IDENTIFICADOR DE NÚMERO DE CONTROL
campo de control ES-MaACL
005 - FECHA Y HORA DE LA ÚLTIMA TRANSACCIÓN
campo de control 20260601173830.0
007 - CAMPO FIJO DE DESCRIPCIÓN FÍSICA--INFORMACIÓN GENERAL
campo de control de longitud fija ta
008 - DATOS DE LONGITUD FIJA--INFORMACIÓN GENERAL
campo de control de longitud fija 260601s1956 sp a|||| |||| 001 1 spa d
040 ## - FUENTE DE CATALOGACIÓN
Centro catalogador/agencia de origen ES-MaACL
Lengua de catalogación spa
Centro/agencia transcriptor ES-MaACL
Normas de descripción rda
080 ## - NÚMERO DE LA CLASIFICACIÓN DECIMAL UNIVERSAL
Número de la Clasificación Decimal Universal 82"18/19"(082.2)
100 1# - ENTRADA PRINCIPAL--NOMBRE DE PERSONA
Nombre de persona Buck, Pearl S. (
Fechas asociadas al nombre 1892-1973)
Relación aut
9 (RLIN) 32316
Término indicativo de función/relación Autor
245 10 - MENCIÓN DEL TÍTULO
Título Pearl S. Buck, Thomas Stearns Eliot, Henri Bergson, Luigi Pirandello, Verner von Heidenstam, George Bernard Shaw
264 #1 - PRODUCCIÓN, PUBLICACIÓN, DISTRIBUCIÓN, FABRICACIÓN Y COPYRIGHT
Producción, publicación, distribución, fabricación y copyright Barcelona :
Nombre del de productor, editor, distribuidor, fabricante José Janés Editor,
Fecha de producción, publicación, distribución, fabricación o copyright 1956
300 ## - DESCRIPCIÓN FÍSICA
Extensión 1998 páginas y 6 hojas sin numerar :
Otras características físicas retratos (blanco y negro) ;
Dimensiones 18 cm
336 ## - TIPO DE CONTENIDO
Fuente rdacontent
Término de tipo de contenido Texto
337 ## - TIPO DE MEDIO
Fuente rdamedia
Nombre/término del tipo de medio sin mediación
338 ## - TIPO DE SOPORTE
Fuente rdacarrier
Nombre/término del tipo de soporte volumen
490 0# - MENCIÓN DE SERIE
Mención de serie Los premios Nobel de literatura ;
Designación de volumen o secuencia 3
500 ## - NOTA GENERAL
Nota general Registro provisional
500 ## - NOTA GENERAL
Nota general Índice
505 0# - NOTA DE CONTENIDO CON FORMATO
Nota de contenido con formato La estirpe del dragón ; La promesa ; Viento del este, viento del oeste / Pearl S. Buck -- Asesinato en la catedral ; Dante ; Poemas / Thomas Stearns Eliot -- La risa / Henri Bergson -- El difunto Matías Pascal ; Seis personajes en busca de autor ; Cuentos ; Ensayos / Luigi Pirandello -- Los paladines de Carlos XII / Verner Von Heidenstam -- Santa Juana ; Pigmalión / George Bernard Shaw
546 ## - NOTA DE IDIOMA
Nota de lengua/lenguaje Traducido del francés, inglés, sueco e italiano
650 #4 - PUNTO DE ACCESO ADICIONAL DE MATERIA--TÉRMINO DE MATERIA
Término de materia o nombre geográfico como elemento de entrada Literatura-
Subdivisión cronológica S.XIX
9 (RLIN) 160173
650 #4 - PUNTO DE ACCESO ADICIONAL DE MATERIA--TÉRMINO DE MATERIA
Término de materia o nombre geográfico como elemento de entrada Literatura-
Subdivisión cronológica S.XX
9 (RLIN) 14497
700 1# - ENTRADA AGREGADA--NOMBRE PERSONAL
Nombre de persona Eliot, T. S.,
Fechas asociadas al nombre 1888-1965
Relación aut
9 (RLIN) 46996
Término indicativo de función/relación Autor
700 1# - ENTRADA AGREGADA--NOMBRE PERSONAL
Nombre de persona Bergson, Henri
Relación aut
9 (RLIN) 28013
Término indicativo de función/relación Autor
700 1# - ENTRADA AGREGADA--NOMBRE PERSONAL
Nombre de persona Pirandello, Luigi
Relación aut
9 (RLIN) 92338
Término indicativo de función/relación Autor
700 1# - ENTRADA AGREGADA--NOMBRE PERSONAL
Nombre de persona Verner von Heidenstam, Carl Gustav,
Fechas asociadas al nombre 1859-1940
Relación aut
9 (RLIN) 114167
Término indicativo de función/relación Autor
700 1# - ENTRADA AGREGADA--NOMBRE PERSONAL
Nombre de persona Shaw, Bernard
9 (RLIN) 106025
852 ## - LOCALIZACIÓN
Ubicación ES-MaACL
Ubicación en estantería Despachos-biblioteca
Número de control de estantería DB-215
Donativo/Legado Donación: J. Porto
Encuadernación Encuadernación cartoné
itemnumber 207388
942 ## - ELEMENTOS DE ENTRADA SECUNDARIOS (KOHA)
Tipo de ítem Koha Libro impreso
Suprimir en OPAC No
Holdings
Estatus retirado Estado de pérdida Fuente del sistema de clasificación o colocación Estado de daño No para préstamo Biblioteca de origen Biblioteca actual Ubicación en estantería Fecha de adquisición Fuente de adquisición Total de préstamos Signatura topográfica completa Código de barras Visto por última vez Precio de reemplazo Tipo de ítem Koha
    Clasificación decimal universal     Biblioteca del Ateneo de Madrid Biblioteca del Ateneo de Madrid Despachos-biblioteca 01/06/2026 Donación   DB-215 2026-0382 01/06/2026 01/06/2026 Libro impreso